<?xml version="1.0" encoding="UTF-8"?>
<record
    xmlns:xsi="http://www.w3.org/2001/XMLSchema-instance"
    xsi:schemaLocation="http://www.loc.gov/MARC21/slim http://www.loc.gov/standards/marcxml/schema/MARC21slim.xsd"
    xmlns="http://www.loc.gov/MARC21/slim">

  <leader>00722nam a2200169Ia 4500</leader>
  <controlfield tag="003">IN-BaIIA</controlfield>
  <controlfield tag="008">211028s9999    xx            000 0 eng d</controlfield>
  <datafield tag="040" ind1=" " ind2=" ">
    <subfield code="c">IIA Library</subfield>
  </datafield>
  <datafield tag="080" ind1=" " ind2=" ">
    <subfield code="a">523.9:523.31-852</subfield>
    <subfield code="b">INF</subfield>
  </datafield>
  <datafield tag="111" ind1=" " ind2=" ">
    <subfield code="a">Committee on Space Research Scientific Assembly</subfield>
    <subfield code="n">35th</subfield>
    <subfield code="c">Paris</subfield>
    <subfield code="d">2004 July 18-24</subfield>
    <subfield code="9">29688</subfield>
  </datafield>
  <datafield tag="245" ind1=" " ind2="0">
    <subfield code="a">Influence of sun's radiation and particles on the earth's atmosphere and climate</subfield>
    <subfield code="b">35th COSPAR scientific assembly held in France, Paris, 18-24 July 2004</subfield>
    <subfield code="c">edited by J. Lastovicka                                         </subfield>
  </datafield>
  <datafield tag="260" ind1=" " ind2=" ">
    <subfield code="a">Paris</subfield>
    <subfield code="b">Elsevier</subfield>
    <subfield code="c">2005</subfield>
  </datafield>
  <datafield tag="650" ind1=" " ind2=" ">
    <subfield code="a">Earth atmosphere and Ccimate</subfield>
    <subfield code="9">29689</subfield>
  </datafield>
  <datafield tag="650" ind1=" " ind2=" ">
    <subfield code="a">Sun's radiation</subfield>
    <subfield code="9">29690</subfield>
  </datafield>
  <datafield tag="700" ind1=" " ind2=" ">
    <subfield code="a">Lastovicka, J., ed.</subfield>
    <subfield code="9">29691</subfield>
  </datafield>
  <datafield tag="942" ind1=" " ind2=" ">
    <subfield code="c">BK</subfield>
  </datafield>
  <datafield tag="999" ind1=" " ind2=" ">
    <subfield code="c">16051</subfield>
    <subfield code="d">16051</subfield>
  </datafield>
  <datafield tag="952" ind1=" " ind2=" ">
    <subfield code="0">0</subfield>
    <subfield code="1">0</subfield>
    <subfield code="4">0</subfield>
    <subfield code="7">0</subfield>
    <subfield code="a">BAN</subfield>
    <subfield code="b">BAN</subfield>
    <subfield code="c">GEN</subfield>
    <subfield code="d">2005-12-30</subfield>
    <subfield code="l">0</subfield>
    <subfield code="o">523.9:523.31-852/ INF</subfield>
    <subfield code="p">16973</subfield>
    <subfield code="r">2021-11-05</subfield>
    <subfield code="w">2005-12-30</subfield>
    <subfield code="y">BK</subfield>
  </datafield>
</record>
